| 000 | nam a22 7a 4500 | ||
|---|---|---|---|
| 999 |
_c129815 _d129815 |
||
| 008 | 190905b xxu||||| |||| 00| 0 eng d | ||
| 050 |
_aSPC. DT1.T50 _bL929 |
||
| 100 |
_aLubavu, Bernard E. _948081 |
||
| 245 |
_aAn analysis of the a priori in Kant and Russell _ba link between epistemology and metaphysics _cBernard Lubuvu |
||
| 260 |
_aHarare _bArrupe Jesuit University _c2018 |
||
| 300 |
_a85p. ; _c31cm. |
||
| 500 | _aThesis | ||
| 600 |
_aKant, Immanuel _948082 |
||
| 600 |
_aRussell, Bertrand _98739 |
||
| 942 |
_2lcc _cSPC |
||